000 00340nam a22000977a 4500
008 150619b xxu||||| |||| 00| 0 eng d
010 _8HCCRSF:005
245 _aHIGH COURT CRIMINAL SESSION NO.MM.638 of 1969 Uganda Vs Mityero s/o Esera Khisa, Kangala s/o Esera Khisa
260 _aHigh Court Kampala
500 _3BEFORE: Hon. Mr. Justice S. Musoke
999 _c6451
_d6451